[Event "Zalakaros Kupa 18th"]
[Site "Zalakaros"]
[Date "1999.05.16"]
[Round "5"]
[White "Kosztolanczi, Gyula"]
[Black "Szeberenyi, Adam"]
[Result "0-1"]
[WhiteElo "2131"]
[BlackElo "2287"]

1.e4 c5 2.Nf3 e6 3.d4 cxd4 4.Nxd4 a6 5.Nc3 Qc7 6.Bd3 Nc6 7.Nxc6 dxc6 8.O-O e5
9.f4 Nf6 10.fxe5 Ng4 11.Qf3 Nxe5 12.Qg3 Bc5+ 13.Kh1 O-O 14.Bf4 Bd6 15.Rad1 f6
16.Rd2 Be6 17.Ne2 Rad8 18.Nd4 Qe7 19.Nxe6 Qxe6 20.Be2 Kh8 21.Rfd1 Qe7 22.Qb3 b5
23.a4 Rd7 24.Bg4 Nxg4 25.Bxd6 Qxe4 26.Qf3 Qe6 27.Re2 Rxd6 28.Rxe6 Rxd1+ 29.Qxd1 Nf2+
30.Kg1 Nxd1 31.axb5 cxb5 32.Rxa6 Re8 33.g3 h6  0-1

[Event "Zalakaros Kupa 18th"]
[Site "Zalakaros"]
[Date "1999.05.17"]
[Round "6"]
[White "Kolar, Srecko"]
[Black "Kovac, Boris"]
[Result "0-1"]
[WhiteElo "2175"]
[BlackElo "2304"]

1.e4 c5 2.Nf3 e6 3.Nc3 a6 4.d4 cxd4 5.Nxd4 b5 6.a3 d6 7.g3 Bb7 8.Bg2 Nd7
9.O-O Rc8 10.Re1 Ngf6 11.h3 Qc7 12.g4 Nb6 13.g5 Nfd7 14.h4 g6 15.Bh3 e5 16.Nb3 Na4
17.Re3 h6 18.Qg4 hxg5 19.hxg5 Nxc3 20.Rxc3 Qd8 21.Na5 Ba8 22.Rxc8 Qxc8 23.Qf3 Qxc2
24.Qg4 Rxh3 25.Qxh3 d5 26.Be3 d4 27.Rc1 Qxe4 28.Rc8+ Ke7 29.Bd2 Qb1+ 30.Rc1 Qxb2
31.Bb4+ Kd8 32.Nc6+ Kc7 33.Ba5+ Nb6  0-1

[Event "Zalakaros Kupa 18th"]
[Site "Zalakaros"]
[Date "1999.05.19"]
[Round "8"]
[White "Frink, Ferenc"]
[Black "Farago, Ivan"]
[Result "0-1"]
[WhiteElo "2195"]
[BlackElo "2533"]

1.e4 c5 2.Nf3 e6 3.d4 cxd4 4.Nxd4 a6 5.Nc3 Qc7 6.Be3 Bb4 7.Bd2 Nf6 8.Bd3 Nc6
9.Nxc6 dxc6 10.O-O Bd6 11.Kh1 e5 12.Qe2 O-O 13.Rae1 Nd7 14.Qg4 Nc5 15.Qg3 Be6
16.a3 Nxd3 17.cxd3 Rad8 18.Ne2 Rd7 19.Bc3 f6 20.Rd1 c5 21.f4 exf4 22.Nxf4 Bb3
23.Rd2 g5 24.Rdf2 Rg7 25.e5 gxf4 26.Qxf4 Be7 27.exf6 Qxf4 28.Rxf4 Bd6 29.Rf5 Rg6
30.h3 Kf7 31.g4 Re8 32.Kg2 Ba4 33.Rh5 Bc6+ 34.Kf2 h6 35.Rg1 Bf4 36.Rd1 Be3+
37.Kg3 Bd4 38.Bd2 Rxf6 39.Bxh6 Rf3+ 40.Kh4 Bf2+  0-1

[Event "BUL-ch"]
[Site "Plovdiv"]
[Date "1999.05.20"]
[Round "9"]
[White "Marholev, Dimitar"]
[Black "Dragiev, Veselin"]
[Result "1-0"]
[WhiteElo "2307"]
[BlackElo "2370"]

1.e4 c5 2.Nc3 e6 3.Nge2 a6 4.d4 cxd4 5.Nxd4 b5 6.Be2 Bb7 7.Bf3 Qc7 8.O-O d6
9.Re1 Nf6 10.Bg5 Nbd7 11.a4 b4 12.Na2 h6 13.Bxf6 Nxf6 14.Nxb4 d5 15.Nxd5 exd5
16.exd5+ Kd8 17.d6 Qd7 18.Ra3 Rc8 19.Bxb7 Qxb7 20.Rb3 Qd5 21.Rb6 Bxd6 22.Rxa6 Re8
23.Rf1 Re4 24.Nb5 Be5 25.Rxf6 Qxd1 26.Rxd1+ Ke7 27.Rf3 Rxc2 28.b3 g5 29.h3 h5
30.g3 g4 31.hxg4 hxg4 32.Rfd3 Ree2 33.Rf1 Ra2 34.Nc3 Bxc3 35.Rxc3 Reb2 36.Kg2 f5
37.Rc7+ Kd6 38.Rb7 Rxa4 39.bxa4 Rxb7 40.a5 Rb3 41.Ra1 Kc7 42.a6 Kb8 43.a7+ Ka8
44.Ra4 Rb5 45.Ra6 Rc5 46.Ra3 Rb5 47.Kf1 Rb1+ 48.Ke2 Rb4 49.Kf1 Rb1+ 50.Kg2 Rb5
51.Ra2 Rc5 52.f3 Rc4 53.fxg4 fxg4 54.Kf2 Re4 55.Ra3 Rc4 56.Ke3 Rb4 57.Rd3 Kxa7
58.Rd4 Rb3+ 59.Kf4 Kb6 60.Kxg4 Kc5 61.Rd8 Rb7 62.Kf5 Rf7+ 63.Kg6 Rf1 64.g4 Kc6
65.g5 Kc7 66.Rd2 Rg1 67.Kf6 Rf1+ 68.Kg7 Rg1 69.g6 Rf1 70.Kg8 Rg1 71.g7 Kc8
72.Rh2 Kd7 73.Kh7  1-0

[Event "Guillermo Garcia mem-A"]
[Site "Santa Clara"]
[Date "1999.06.05"]
[Round "11"]
[White "Paramos Dominguez, Roberto"]
[Black "Alvarez, Jose"]
[Result "1/2-1/2"]
[WhiteElo "2445"]
[BlackElo "2368"]

1.e4 c5 2.Nf3 e6 3.Nc3 a6 4.d4 cxd4 5.Nxd4 b5 6.Bd3 Qb6 7.Nb3 Qc7 8.O-O Bb7
9.Qe2 Nf6 10.f4 b4 11.Nd1 d5 12.e5 Nfd7 13.Be3 Nc6 14.Kh1 Be7 15.Nf2 O-O
16.Qh5 g6 17.Qh6 Rfc8 18.Ng4 Qd8 19.Nd4 Bf8 20.Qh3 h5 21.Nf2 Nxd4 22.Bxd4 Bc5
23.c3 bxc3 24.bxc3 Bxd4 25.cxd4 Rc3 26.g4 hxg4 27.Nxg4 Rac8 28.Rab1 Bc6 29.Rf3 Bb5
30.Nh6+ Kg7 31.Nxf7  1/2-1/2

[Event "CZE-ch"]
[Site "Lazne Bohdanec"]
[Date "1999.06.07"]
[Round "5"]
[White "Talla, Vladimir"]
[Black "Votava, Jan"]
[Result "1-0"]
[WhiteElo "2362"]
[BlackElo "2511"]

1.e4 c5 2.Nf3 e6 3.d4 cxd4 4.Nxd4 a6 5.Nc3 Qc7 6.g3 b5 7.Bg2 Bb7 8.O-O Nf6
9.Re1 d6 10.a4 b4 11.Nd5 exd5 12.exd5+ Kd8 13.Bg5 Qc4 14.c3 b3 15.Re4 Qxd5
16.Bxf6+ gxf6 17.Re8+ Kxe8 18.Bxd5 Bxd5 19.Nb5 Bc6 20.Nxd6+ Ke7 21.Qd4 Nd7
22.Re1+ Kd8 23.Nxf7+ Kc7 24.Qf4+ Ne5 25.Rxe5 fxe5 26.Qxe5+ Kb7 27.Qxh8 Re8
28.Kf1 Bxa4 29.Qd4 Bc6 30.Nd8+  1-0

[Event "Andorra la Vella op"]
[Site "Andorra la Vella"]
[Date "1999.07.01"]
[Round "6"]
[White "Lalic, Bogdan"]
[Black "Kovacevic, Slobodan"]
[Result "1/2-1/2"]
[WhiteElo "2549"]
[BlackElo "2437"]

1.e4 c5 2.Nf3 e6 3.d4 cxd4 4.Nxd4 a6 5.Nc3 Qc7 6.Be2 b5 7.O-O Bb7 8.Re1 Nc6
9.Nxc6 dxc6 10.a4 Rd8 11.Bd3 Bd6 12.Qh5 Nf6 13.Qh4 e5 14.Bg5 Be7 15.f4 h6
16.fxe5  1/2-1/2

[Event "Haarlem AKN op 8th"]
[Site "Haarlem"]
[Date "1999.07.03"]
[Round "4"]
[White "Overeem, Marc"]
[Black "Blees, Albert"]
[Result "0-1"]
[WhiteElo "2187"]
[BlackElo "2410"]

1.e4 c5 2.Nf3 e6 3.d4 cxd4 4.Nxd4 a6 5.Nc3 d6 6.Be3 b5 7.a4 b4 8.Na2 Nf6
9.f3 Bb7 10.c3 bxc3 11.Nxc3 Nbd7 12.Be2 d5 13.exd5 Nxd5 14.Nxd5 Bxd5 15.O-O Qb8
16.f4 Bd6 17.Nf5 O-O 18.Qd4 exf5 19.Qxd5 Nf6 20.Qxf5 Re8 21.Qd3 Qb4 22.Bd2 Qb6+
23.Kh1 Rad8 24.a5 Qb8 25.Bc3 Bxf4 26.Qf3 Bxh2 27.Bxf6 gxf6 28.g3 Rd2 29.Qxf6 Qb7+
30.Bf3 Qe7 31.Bg2 Bxg3 32.Qxe7 Rxe7 33.Rf3 Bd6  0-1

[Event "EUCup99 (Women)"]
[Site "Nova Gorica"]
[Date "1999.07.03"]
[Round "5"]
[White "Mihevc, Narcisa"]
[Black "Khurtsidze, Nino"]
[Result "0-1"]
[WhiteElo "2158"]
[BlackElo "2417"]

1.e4 c5 2.Nf3 e6 3.d4 cxd4 4.Nxd4 a6 5.Nc3 Qc7 6.g3 Bb4 7.Ne2 Nf6 8.Bg2 O-O
9.O-O Be7 10.h3 Nc6 11.a4 d6 12.g4 Rb8 13.Nd4 Na5 14.Kh1 b6 15.g5 Nd7 16.f4 Re8
17.f5 Bf8 18.fxe6 fxe6 19.Nxe6 Rxe6 20.Qf3 Re7 21.Nd5 Qd8 22.g6 h6 23.Bg5 Nc6
24.Nxe7+ Bxe7 25.Qb3+ Kh8 26.Bxh6 Bf6 27.Be3 Nde5 28.Rad1 Nxg6 29.Qd5 Nce5
30.b3 Be7 31.Rf2 Qg8 32.Qd2 Be6 33.Bg5 Bf8 34.Qe2 Qh7 35.Rdf1 Kg8 36.Qe3 Ng4
37.Rxf8+ Rxf8 38.Rxf8+ Nxf8 39.Qxb6 Qh5 40.Bd2 Nf6 41.Qxd6 Bxh3 42.Qd3 Bxg2+
43.Kxg2 Qg4+ 44.Kf1 Nxe4 45.Be3 Ng6 46.Bf2 Qf5 47.Qd4 Ne5 48.Ke2 Qg4+ 49.Kf1 Ng3+  0-1

[Event "Swidnica op"]
[Site "Swidnica"]
[Date "1999.07.03"]
[Round "6"]
[White "Najbar, M."]
[Black "Faibisovich, Vadim Z"]
[Result "0-1"]
[WhiteElo "2214"]
[BlackElo "2400"]

1.e4 c5 2.Nf3 e6 3.d4 cxd4 4.Nxd4 a6 5.Nc3 b5 6.Bd3 Bb7 7.O-O Qc7 8.Re1 d6
9.Bg5 Nd7 10.Nd5 exd5 11.exd5+ Ne7 12.Bxe7 Bxe7 13.Nf5 Ne5 14.Nxe7 Kxe7 15.f4 Qc5+
16.Kh1 Qxd5 17.Qg4 h5 18.Qh4+ g5 19.Qxg5+ f6 20.Qg7+ Qf7 21.Qxf7+ Kxf7 22.fxe5 dxe5
23.Re2 Rad8 24.Rf1 Ke7 25.h3 Rd4 26.Bf5 Rhd8 27.Kh2 h4 28.c3 Rd2 29.Rff2 Rxe2
30.Rxe2 Bd5 31.b3 Rg8 32.Be4 Ke6 33.Kg1 Rc8 34.Bxd5+ Kxd5 35.Rd2+ Ke6 36.Rc2 e4
37.Kf2 Ke5 38.Rc1 f5 39.Ke2 f4 40.Rc2 e3 41.Kd3 Rd8+ 42.Ke2 Ke4 43.Rc1 Rd2+
44.Kf1 Rxa2 45.c4 Kd3 46.c5 Kd2 47.Rb1 Rc2  0-1

[Event "Frankfurt Ordix op"]
[Site "Frankfurt"]
[Date "1999.07.04"]
[Round "7"]
[White "Svidler, Peter"]
[Black "Stangl, Markus"]
[Result "1-0"]
[WhiteElo "2713"]
[BlackElo "2545"]

1.e4 c5 2.Nf3 e6 3.d4 cxd4 4.Nxd4 a6 5.Nc3 Qc7 6.Be2 b5 7.O-O Bb7 8.Re1 d6
9.Bf3 Nd7 10.a4 bxa4 11.Rxa4 Ngf6 12.g3 Be7 13.Nb3 Nb6 14.Rd4 Nc4 15.Rxc4 Qxc4
16.e5 Bxf3 17.Qxf3 O-O 18.exf6 Bxf6 19.Nd2 Qc7 20.Nde4 Be7 21.Qd3 h6 22.Nd2 Rfc8
23.Nf3 Qb7 24.b3 Rc7 25.Na4 Rac8 26.Re2 Bf6 27.c4 Rb8 28.Re3 Qb4 29.Qd1 d5
30.cxd5 exd5 31.Rd3 Rc6 32.Be3 Qa3 33.Kg2 Rb7 34.Nd4 Rc8 35.Nf5 Qb4 36.Bd4 Rc6
37.Qf3 Bxd4 38.Rxd4 Qxb3 39.Qxb3  1-0

[Event "Haarlem AKN op 8th"]
[Site "Haarlem"]
[Date "1999.07.04"]
[Round "6"]
[White "Smeets, Jan"]
[Black "Breedveld, Andre"]
[Result "1-0"]
[WhiteElo "2193"]
[BlackElo "2145"]

1.e4 c5 2.Nf3 e6 3.d4 cxd4 4.Nxd4 a6 5.Nc3 b5 6.Be2 b4 7.Nb1 Bb7 8.Bf3 Qb6
9.O-O Nc6 10.Nxc6 dxc6 11.Nd2 e5 12.Nc4 Qc7 13.Be3 c5 14.c3 bxc3 15.bxc3 Nf6
16.Rb1 Bc6 17.Qe2 Be7 18.Nb6 Ra7 19.Qc4 Bb5 20.Rxb5 axb5 21.Qxb5+ Kf8 22.Rb1 Bd6
23.Nc4 Be7 24.Qb8+ Qxb8 25.Rxb8+ Ne8 26.Nxe5 f6 27.Bh5 g6  1-0

[Event "World op"]
[Site "Philadelphia"]
[Date "1999.07.04"]
[Round "7"]
[White "Ostos, Julio"]
[Black "Szmetan, Ricardo"]
[Result "1-0"]
[WhiteElo "2430"]
[BlackElo "2268"]

1.e4 c5 2.Nf3 e6 3.Nc3 a6 4.d4 cxd4 5.Nxd4 Qc7 6.Be2 Nf6 7.O-O Nc6 8.Kh1 Be7
9.f4 d6 10.Bf3 O-O 11.a4 Rb8 12.Nb3 b5 13.axb5 axb5 14.Qe2 b4 15.Nb5 Qb6
16.Nxd6 Bxd6 17.e5 Ne8 18.Be3 Qc7 19.exd6 Nxd6 20.Rfd1 Rd8 21.f5 e5 22.f6 gxf6
23.Qf2 Bb7 24.Bb6 Qe7 25.Bxd8 Rxd8 26.Nc5 e4 27.Nxb7 Nxb7 28.Rxd8+ Nbxd8
29.Re1 f5 30.Bd1 Qd7 31.Rf1 Ne7 32.Qg3+ Ng6 33.Be2 Qd2 34.Bc4 Qxc2 35.b3 Ne6
36.Rxf5 e3 37.Rf1 e2 38.Re1 Nf4 39.Qf2 Kg7 40.Qd4+ f6 41.g3 Nh5 42.Bxe2 Nxg3+
43.hxg3 Qxb3 44.Bd3  1-0

[Event "Politiken Cup"]
[Site "Copenhagen"]
[Date "1999.07.07"]
[Round "5"]
[White "Christensen, Stefan"]
[Black "Schneider, Stefan"]
[Result "0-1"]
[WhiteElo "2196"]
[BlackElo "2353"]

1.e4 c5 2.Nf3 e6 3.d4 cxd4 4.Nxd4 a6 5.Nc3 Qc7 6.f4 Bb4 7.Qd3 Ne7 8.Be2 d5
9.e5 Nbc6 10.Be3 Nxd4 11.Bxd4 Nf5 12.Bf2 Bd7 13.g4 Bb5 14.Qh3 Bxe2 15.gxf5 Qc4
16.fxe6 O-O 17.e7 Rfe8 18.Rg1 Rxe7 19.Bh4 Qe4 20.Kd2 Qxf4+ 21.Kxe2 Rxe5+
22.Kd3 Re4 23.Ne2 Qd2+  0-1

[Event "SVK-ch"]
[Site "Nove Zamky"]
[Date "1999.07.07"]
[Round "5"]
[White "Bekiarisova, Alena"]
[Black "Priehoda, Vitezslav"]
[Result "0-1"]
[WhiteElo "2149"]
[BlackElo "2369"]

1.e4 c5 2.Nf3 e6 3.d4 cxd4 4.Nxd4 a6 5.Nc3 Qc7 6.Bd3 b5 7.O-O Bb7 8.Be3 Nf6
9.Nb3 d6 10.f3 Nbd7 11.Qe1 Be7 12.Qg3 O-O 13.Rad1 Rac8 14.Qh3 Ne5 15.Nd4 Nxd3
16.cxd3 d5 17.Nce2 Bd6 18.Kh1 Rfe8 19.Bg5 Nd7 20.Rc1 Qb8 21.Rxc8 Qxc8 22.Rc1 Qb8
23.exd5 Bxd5 24.Nc3 Bf4 25.Bxf4 Qxf4 26.Nde2 Qd2 27.Qh4 Qxb2 28.Qg5 b4 29.Nxd5 exd5
30.Ng1 h6 31.Qxd5 Qxc1 32.Qxd7 Re1 33.Qa7 a5 34.h3 a4 35.Kh2 Rxg1  0-1

[Event "Politiken Cup"]
[Site "Copenhagen"]
[Date "1999.07.08"]
[Round "6"]
[White "Nielsen, Morten"]
[Black "Rasmussen, Casper"]
[Result "0-1"]
[WhiteElo "2077"]
[BlackElo "2240"]

1.e4 c5 2.Nf3 e6 3.Nc3 a6 4.d4 cxd4 5.Nxd4 Qc7 6.Be2 Nf6 7.a3 b5 8.f4 d6
9.Bf3 Bb7 10.Qe2 Nbd7 11.f5 e5 12.Nb3 Be7 13.Be3 Rc8 14.Qf2 Nc5 15.Nd2 O-O
16.g4 d5 17.exd5 e4 18.Ndxe4 Ncxe4 19.Nxe4 Nxe4 20.Bxe4 Qe5 21.Qf4 Qxf4 22.Bxf4 Rc4
23.O-O-O Rxe4 24.Rhe1 Rxe1 25.Rxe1 Bh4 26.Rd1 Rd8 27.d6 h6 28.Kb1 Bf3 29.Rg1 Bc6
30.Rf1 Kf8 31.b3 Ke8 32.c4 bxc4 33.bxc4 Kd7 34.Be5 f6 35.Bf4 Re8 36.Kc2 Re1
37.Rxe1 Bxe1 38.Kd3 Bf2 39.Ke2 Bc5 40.h4 Bxa3 41.g5 hxg5 42.hxg5 Bxd6 43.gxf6 gxf6
44.Bd2 Be4 45.Ke3 Bxf5 46.Kd4 Kc6 47.Kc3 Be6 48.Be3 f5  0-1

[Event "SVK-ch"]
[Site "Nove Zamky"]
[Date "1999.07.11"]
[Round "9"]
[White "Bekiarisova, Alena"]
[Black "Rigo, Zsolt"]
[Result "1/2-1/2"]
[WhiteElo "2149"]
[BlackElo "2222"]

1.e4 c5 2.Nf3 e6 3.d4 cxd4 4.Nxd4 a6 5.Nc3 Qc7 6.Be2 b5 7.O-O Bb7 8.Bf3 Nc6
9.g3 Nf6 10.Re1 Ne5 11.Bg2 d6 12.Qe2 Be7 13.Bg5 h6 14.Bc1 O-O 15.a3 Rfe8
16.Nd1 Qb6 17.c3 Rac8 18.Kh1 Bf8 19.f4 Nc4 20.b3 Na5 21.e5 Bxg2+ 22.Qxg2 Nd7
23.Bd2 Qc7 24.exd6 Bxd6 25.Ne3 Bc5 26.Nec2 Nb7 27.Re2 Nf6 28.Rae1 Nd6 29.Qf3 Red8
30.g4 Nd5 31.Rc1 Ba7 32.Ne1 Qd7 33.Nd3 Bxd4 34.cxd4 Rxc1+ 35.Bxc1 Rc8 36.Nc5 Qd8
37.Kg2 Qf6 38.Re5 Qg6 39.Bd2 Nf6 40.h3 Nf5 41.Qf2 Rd8 42.Bc3 h5 43.g5 Nd5
44.Bd2 Nfe7 45.Re1 Qc2 46.Rc1 Qf5 47.Nb7 Rd7 48.Nc5 Rc7 49.Re1 Ng6 50.Rf1 Qc2
51.Kh2 Qb2 52.Ba5 Qxf2+ 53.Rxf2 Rc6 54.f5 exf5 55.Rxf5 Nde7 56.Rf2 Rd6 57.Bc3 Nd5
58.Bb2 Ngf4 59.Bc1 Ne6 60.Nxe6 Rxe6 61.Rf5 Rd6 62.Re5 Kh7 63.Bd2 Kg6 64.Kg3 Rd7
65.Kf3 Nc7 66.Be3 f6 67.gxf6 gxf6 68.Re4 Nd5 69.Re6 Rc7 70.Rd6 Nxe3 71.Kxe3 Rc3+
72.Ke4 Rxh3 73.Rxa6 Rxb3 74.d5 h4 75.d6 Rb1 76.Kf4 Rd1 77.Rb6 h3 78.Kg3 Rd3+
79.Kh2 Kf7 80.Rxb5 Ke6 81.Rb6 f5 82.a4 Ra3 83.a5 Rxa5 84.Kxh3 Ra4 85.Kg3 Rd4
86.d7+ Kxd7 87.Rf6  1/2-1/2

[Event "Bydgoszcz Bank Pocztowy op"]
[Site "Bydgoszcz"]
[Date "1999.07.16"]
[Round "5"]
[White "Jaracz, Pawel"]
[Black "Poluljahov, Aleksandr"]
[Result "1-0"]
[WhiteElo "2477"]
[BlackElo "2554"]

1.e4 c5 2.Nc3 e6 3.Nf3 a6 4.d4 cxd4 5.Nxd4 b5 6.Bd3 Qb6 7.Nb3 Qc7 8.f4 Bb7
9.Qf3 b4 10.Ne2 Nf6 11.Bd2 d5 12.e5 Ne4 13.Be3 Nd7 14.O-O g6 15.Ng3 Nxg3
16.Qxg3 Be7 17.h4 h5 18.Rac1 Nc5 19.Nxc5 Bxc5 20.Qf2 Bxe3 21.Qxe3 Qe7 22.c3 bxc3
23.Rxc3 O-O 24.Qb6 Rab8 25.Rc7 Qd8 26.Rfc1 d4 27.Qa7 Qd5 28.R1c2 Kg7 29.Qc5 Qxc5
30.R2xc5 Rfd8 31.b3 Kf8 32.Kf2 Rd5 33.Rxd5 Bxd5 34.Bxa6 Kg7 35.Rc8 Rb6 36.Bd3 Rb4
37.g3 Rb7 38.Ke2 Ra7 39.Rc2 Kf8 40.Rb2 Ke7 41.Kd2 Kd7 42.Bb5+ Bc6 43.Bc4 Be4
44.a4 Kc6 45.Ra2 Kc5 46.a5 Bc6 47.a6 Be4 48.Bd3 Bd5 49.Ra5+ Kb6 50.Rb5+ Kc7
51.Rb4 Ra8 52.Ke2 Rd8 53.Rxd4 Bxb3 54.Ke3 Bd5 55.Be4 Ra8 56.Bxd5 exd5 57.Ra4 Ra7
58.Kd4 Kc6 59.Ra3  1-0

[Event "Bydgoszcz Bank Pocztowy op"]
[Site "Bydgoszcz"]
[Date "1999.07.16"]
[Round "5"]
[White "Vinogradov, P."]
[Black "Kozakov, Mikhail"]
[Result "0-1"]
[WhiteElo "2288"]
[BlackElo "2450"]

1.e4 c5 2.Nf3 e6 3.d4 cxd4 4.Nxd4 a6 5.Nc3 Qc7 6.Be3 Nf6 7.f3 Bb4 8.Qd2 d5
9.exd5 Nxd5 10.Nde2 Nxe3 11.Qxe3 O-O 12.O-O-O Nc6 13.Ne4 b5 14.Nf4 Bb7 15.Nh5 Be7
16.Nc5 Nb4 17.Qd4 e5 18.Qxb4 Bxc5 19.Qb3 Rad8 20.Be2 Bd4 21.c3 Bd5 22.Qc2 Rc8
23.Bd3 Bxa2 24.Bxh7+ Kh8 25.Rhe1 Qb6 26.Rxd4 exd4 27.Bf5 Qh6+ 28.f4 Qxh5
29.Re5 Rce8 30.g4 Qh6 31.g5 Qh5  0-1

[Event "Komercni Banka op"]
[Site "Pardubice"]
[Date "1999.07.16"]
[Round "1"]
[White "Stocek, Jiri"]
[Black "Sakovich, Igor"]
[Result "1/2-1/2"]
[WhiteElo "2532"]
[BlackElo "2301"]

1.e4 c5 2.Nf3 e6 3.Nc3 a6 4.d4 cxd4 5.Nxd4 Qc7 6.Bd3 Nf6 7.Be3 Nc6 8.O-O Ne5
9.h3 Bc5 10.Kh1 d6 11.f4 Nxd3 12.cxd3 b5 13.Rc1 Qb6 14.Nce2 O-O 15.b4 Bxb4
16.Nc2 Qa5 17.Nxb4 Qxb4 18.Bd2 Qa3 19.Bc3 Nd7 20.Nd4 b4 21.Ba1 Nc5 22.Qg4 e5
23.Nf5 Bxf5 24.exf5 f6 25.fxe5 fxe5 26.d4 exd4 27.Qxd4 Rf7 28.Rce1 Qxa2 29.Rf3 Nd7
30.Rg3 Nf6 31.Qxd6 Ne4 32.Rxe4 Qb1+ 33.Kh2 Qxe4 34.Qh6 Raa7 35.f6 Qe1 36.fxg7 Qe8
37.Bd4 Rad7 38.Qc6 Qb8 39.Be5 Qd8 40.Qxa6 Rb7 41.Rd3 Qe8 42.Rd5 b3 43.Qa4 Qc8
44.Rc5 Qd8 45.Qg4 Rbd7 46.Qc4 Qe7 47.Rc8+ Rd8 48.Qe6 Qd7 49.Rxd8+ Qxd8 50.Qxb3 Qe8
51.Qd5 h6 52.Qd6 Rxg7 53.Bxg7 Kxg7 54.Qd4+ Kh7 55.Qd3+ Kg7 56.g3 Qa8 57.Qd7+ Kg6
58.Qe6+ Kg7 59.Qe7+ Kg6 60.Qe6+ Kg7 61.Qg4+ Kh7 62.Qf5+ Kg7 63.h4 Qc6 64.g4 Qd6+
65.Kh3 Qa3+ 66.Kg2 Qb2+ 67.Kg3 Qc3+ 68.Qf3 Qe1+ 69.Kh3 Qc1 70.h5 Qd2 71.Qb7+ Kf6
72.Qc6+ Kg7 73.Qg6+ Kh8 74.Qe8+ Kg7 75.Qe7+ Kg8 76.Qe4 Kg7 77.Qe5+ Kf7 78.Qf5+ Kg7
79.Qe4 Kg8 80.Kg3 Kg7 81.Kf3 Qc1 82.Qd4+ Kf7 83.Qd5+ Kg7 84.Ke4 Qh1+ 85.Ke5 Qxd5+
86.Kxd5 Kf6 87.Ke4 Ke6 88.Kf4 Kf6  1/2-1/2

[Event "Komercni Banka op"]
[Site "Pardubice"]
[Date "1999.07.16"]
[Round "1"]
[White "Shtyrenkov, Veniamen"]
[Black "Vyskocil, Neklan"]
[Result "1-0"]
[WhiteElo "2503"]
[BlackElo "2291"]

1.e4 c5 2.Nf3 e6 3.d4 cxd4 4.Nxd4 a6 5.Nc3 d6 6.Bc4 Nf6 7.O-O Be7 8.Bb3 b5
9.Qf3 Qb6 10.Be3 Qb7 11.Qg3 Bd7 12.Nf5 exf5 13.Qxg7 Rf8 14.Bg5 b4 15.Nd5 Nxd5
16.exd5 f6 17.Rfe1 Bb5 18.Bh6 Kd8 19.Rxe7 Qxe7 20.Qxf8+ Qxf8 21.Bxf8 Kc7
22.Bh6 Nd7 23.c4 bxc3 24.bxc3 a5 25.c4 a4 26.Bd1 Ba6 27.Be3 Ne5 28.Rc1 f4
29.Bd2 a3 30.Rc3 Rb8 31.Bb3 Ng6 32.c5 Bb5 33.h4 dxc5 34.h5 Ne5 35.Rxc5+ Kb6
36.Rc3 f3 37.Be3+ Kb7 38.d6 Bc6 39.gxf3 Nxf3+ 40.Kf1 Bb5+ 41.Kg2 Ne1+ 42.Kg3 Bc6
43.Be6  1-0

[Event "Bydgoszcz Bank Pocztowy op"]
[Site "Bydgoszcz"]
[Date "1999.07.17"]
[Round "6"]
[White "Stets, Dmitry"]
[Black "Volokitin, Andrei"]
[Result "1-0"]
[WhiteElo "2409"]
[BlackElo "2307"]

1.e4 c5 2.Nf3 e6 3.d4 cxd4 4.Nxd4 a6 5.Nc3 Qc7 6.Bd3 Nc6 7.Be3 b5 8.O-O Bb7
9.Kh1 Nf6 10.Nxc6 Qxc6 11.a3 Bc5 12.Qe2 d6 13.f4 O-O 14.Rae1 Bxa3 15.bxa3 Qxc3
16.Bd2 Qc6 17.e5 Nd5 18.Rf3 g6 19.Rg3 dxe5 20.fxe5 Nb6 21.Bh6 Rfd8 22.Qf2 Nd7
23.h4 Qc5 24.Qf4 Qe7 25.h5 Nf8 26.Bg5 Qe8 27.Bf6 Nd7 28.hxg6 fxg6 29.Bxg6 hxg6
30.Qh6 Nxf6 31.Rxg6+ Qxg6 32.Qxg6+ Kh8 33.Qxf6+  1-0

[Event "Biel MTO"]
[Site "Biel"]
[Date "1999.07.20"]
[Round "11"]
[White "Bykhovsky, Anatoly A"]
[Black "Kunte, Abhijit"]
[Result "1/2-1/2"]
[WhiteElo "2398"]
[BlackElo "2465"]

1.e4 c5 2.Nf3 e6 3.d4 cxd4 4.Nxd4 a6 5.Nc3 b5 6.Bd3 Qb6 7.Nb3 Qc7 8.a4 b4
9.Nb1 Bb7 10.Qe2 Nc6 11.a5 Nf6 12.f4 e5 13.O-O Bd6 14.f5 Nd4 15.Nxd4 exd4
16.g3 O-O 17.Bg5 Be5 18.Nd2 Rfe8 19.Rfe1 h6 20.Bxf6 Bxf6 21.Qg4 Re7 22.Re2 Rae8
23.Rae1 Kf8 24.Nc4 Qc6 25.Qf3 Qc5 26.b3 Bg5 27.h4 Be3+ 28.Nxe3 Bxe4 29.Bxe4 Rxe4
30.f6 dxe3 31.fxg7+ Kxg7 32.Rf1 Qe7 33.Qf5 Qe6 34.Qxe6 R8xe6 35.Rd1 R6e5
36.Rxd7 Rxa5 37.Kg2 Rc5 38.Kf3 Re6 39.Rxe3 Rxe3+ 40.Kxe3 Rxc2 41.Rd6 a5 42.Rd5 Ra2
43.Kf4 Ra3 44.g4 Kf6 45.Rd6+ Ke7 46.Ra6 Kf8 47.h5 Rxb3 48.Rxa5 Rb1 49.Kg3 b3
50.Rb5 f6 51.Kg2 Ke7 52.Rb6 b2 53.Kh2 Kd7 54.Kg2 Kc7 55.Rb3 Kc6 56.Rb8 Kd5
57.Rb7 Ke4 58.Rb6 Kd4 59.Kh2 Ke3 60.Re6+ Kd3 61.Rd6+ Ke4 62.Re6+  1/2-1/2

[Event "Dutch Open"]
[Site "Dieren"]
[Date "1999.07.20"]
[Round "1"]
[White "Azadmanesh, Moosa"]
[Black "Rabinovich, Alexander"]
[Result "0-1"]
[WhiteElo "2147"]
[BlackElo "2413"]

1.e4 c5 2.Nf3 e6 3.d4 cxd4 4.Nxd4 a6 5.Nc3 b5 6.Bd3 Qb6 7.Nb3 Qc7 8.O-O Bb7
9.Re1 d6 10.a4 b4 11.Na2 Nf6 12.Bd2 a5 13.c3 bxc3 14.Nxc3 Be7 15.Nb5 Qd8
16.Rc1 Nc6 17.N3d4 Nxd4 18.Nxd4 O-O 19.Qb3 Rb8 20.Nb5 Nd7 21.Qc3 Nc5 22.Bc2 Ra8
23.Qg3 e5 24.Bh6 Ne6 25.Bb3 Bh4 26.Qg4 Bxf2+ 27.Kxf2 Qf6+ 28.Kg1 Qxh6 29.Nxd6 Nd4
30.Nf5 Nxf5 31.Qxf5 Qb6+  0-1

[Event "Bydgoszcz Bank Pocztowy op"]
[Site "Bydgoszcz"]
[Date "1999.07.21"]
[Round "10"]
[White "Braslavsky, Aleksandr"]
[Black "Palosz, Andrzej"]
[Result "1-0"]
[WhiteElo "2295"]
[BlackElo "2182"]

1.e4 c5 2.Nf3 e6 3.d4 cxd4 4.Nxd4 a6 5.Nc3 Qc7 6.Bd3 Nf6 7.O-O d6 8.Be3 Be7
9.f4 Nbd7 10.Nb3 b5 11.Qf3 Bb7 12.Bd4 O-O 13.Qh3 e5 14.Be3 b4 15.Ne2 Bxe4
16.Ng3 d5 17.Bxe4 Nxe4 18.Nf5 Bf6 19.fxe5 Nxe5 20.Nbd4 Ng6 21.a3 a5 22.Qg4 Be5
23.h4 Bh2+ 24.Kh1 Ng3+ 25.Nxg3 Qxg3 26.Qxg3 Bxg3 27.Nf5 Bxh4 28.Nxh4 Nxh4
29.Bc5 Rfe8 30.axb4 axb4 31.Rxa8 Rxa8 32.Bxb4 Rc8 33.c3 d4 34.cxd4 Rc2 35.Bc3 Nxg2
36.d5 f6 37.d6 Kf7 38.d7  1-0

[Event "Bydgoszcz Bank Pocztowy op"]
[Site "Bydgoszcz"]
[Date "1999.07.21"]
[Round "10"]
[White "Grabarska, Barbara"]
[Black "Vinogradov, P."]
[Result "1-0"]
[WhiteElo "2293"]
[BlackElo "2288"]

1.e4 c5 2.Nf3 e6 3.d4 cxd4 4.Nxd4 a6 5.Nc3 Qc7 6.Be2 Nf6 7.O-O Be7 8.Be3 O-O
9.f4 d6 10.Qe1 Nc6 11.Qg3 Na5 12.Rad1 b5 13.e5 Nd7 14.exd6 Bxd6 15.Ndxb5 axb5
16.Nxb5 Qxc2 17.Rd2 Bxf4 18.Bxf4 Qg6 19.Qxg6 hxg6 20.Bd6 Rd8 21.Be7 Re8 22.Nc7 Rxe7
23.Nxa8 Bb7 24.Bf3 Ne5 25.Bxb7 Rxb7 26.Rc1 Nac6 27.a3 g5 28.Rc5 f6 29.Rd6 Ne7
30.Rc7 Rb8 31.Rxe7 Rxa8 32.Rdxe6 Kf8 33.Rc7 Rd8 34.h3 g4 35.hxg4 Nxg4 36.Re1 Rd2
37.b4 Rb2 38.Rb7 f5 39.a4 f4 40.Rf1 g5 41.Rc1  1-0

[Event "Komercni Banka op"]
[Site "Pardubice"]
[Date "1999.07.21"]
[Round "6"]
[White "Hardarson, Robert"]
[Black "Arkhangelsky, Boris"]
[Result "0-1"]
[WhiteElo "2331"]
[BlackElo "2425"]

1.e4 c5 2.Nf3 e6 3.d4 cxd4 4.Nxd4 a6 5.Nc3 Qc7 6.Bd3 Nc6 7.Nb3 b5 8.O-O Bb7
9.f4 d6 10.Kh1 Nf6 11.Qf3 Na5 12.Nd4 Nc4 13.b3 Nb6 14.Bd2 Nbd7 15.Rfe1 Qc5
16.Nde2 Be7 17.Qg3 g6 18.Be3 Qc7 19.b4 d5 20.exd5 Nxd5 21.Nxd5 Bxd5 22.Bd4 O-O
23.Nc3 Bb7 24.Ne4 Rad8 25.Ng5 Nf6 26.Be5 Qc6 27.Qh3 h5 28.Re3 Ng4 29.Rg3 Rxd3
30.Rxd3 Nxe5 31.Rg3 Qc4  0-1

[Event "Biel MTO"]
[Site "Biel"]
[Date "1999.07.22"]
[Round "3"]
[White "Duschek, Volker"]
[Black "Gheorghiu, Florin"]
[Result "0-1"]
[WhiteElo "2251"]
[BlackElo "2450"]

1.e4 c5 2.Nf3 e6 3.d4 cxd4 4.Nxd4 a6 5.Nc3 Qc7 6.g3 Bb4 7.Ne2 Nf6 8.Bg2 Be7
9.O-O Nc6 10.Kh1 b5 11.f4 O-O 12.a3 Bb7 13.f5 b4 14.axb4 Nxb4 15.g4 Nxg4
16.Ng3 Nf6 17.Bg5 d6 18.Bxf6 Bxf6 19.Nh5 Be5 20.f6 g6 21.Qd2 Kh8 22.Ng3 Rg8
23.Nd1 Nc6 24.Ra3 Rac8 25.Qg5 Nb4 26.Ne2 Qxc2 27.Re3 Qd2 28.Nf2 Nc2  0-1

[Event "Biel MTO"]
[Site "Biel"]
[Date "1999.07.24"]
[Round "5"]
[White "Duschek, Volker"]
[Black "Kunte, Abhijit"]
[Result "1/2-1/2"]
[WhiteElo "2251"]
[BlackElo "2465"]

1.e4 c5 2.Nf3 e6 3.d4 cxd4 4.Nxd4 a6 5.Nc3 b5 6.g3 Bb7 7.Bg2 Nf6 8.Bg5 Be7
9.O-O d6 10.Re1 Qd7 11.a4 b4 12.Na2 a5 13.c3 bxc3 14.Nxc3 Nc6 15.Ndb5 O-O
16.Qe2 Rfd8  1/2-1/2

[Event "White Rose Int 1st"]
[Site "Wakefield"]
[Date "1999.07.25"]
[Round "9"]
[White "Gayson, Peter"]
[Black "Krutti, Valer"]
[Result "0-1"]
[WhiteElo "2255"]
[BlackElo "2357"]

1.e4 c5 2.Nf3 e6 3.Nc3 a6 4.d4 cxd4 5.Nxd4 Qc7 6.Be2 b5 7.a3 Bb7 8.O-O Nf6
9.Bd3 Nc6 10.Nb3 Ne5 11.Bf4 d6 12.Qe2 Be7 13.h3 Nfd7 14.Be3 g5 15.Nd4 h5
16.f4 gxf4 17.Bxf4 Nxd3 18.cxd3 e5 19.Nf5 exf4 20.d4 Nb6 21.Rxf4 O-O-O 22.Raf1 Bg5
23.R4f3 Kb8 24.h4 Bf6 25.Kh1 Bc8 26.Qf2 Be6 27.d5 Bxf5 28.Rxf5 Bxc3 29.Rxf7 Rd7
30.Rxd7 Nxd7 31.bxc3 Rf8 32.Qe1 Rxf1+ 33.Qxf1 Qxc3 34.Qf7 Qa1+ 35.Kh2 Qe5+
36.g3 Nf6 37.Qf8+ Kb7 38.Qd8 Nxe4 39.Qd7+ Kb6 40.Qc6+ Ka5 41.Kh1 Nxg3+ 42.Kg2 Nf5
43.Qc7+ Ka4 44.Qc2+ Kxa3 45.Qd3+ Ka2 46.Qd2+ Qb2 47.Kh3 Nd4 48.Qf2 Qe2 49.Qxd4 Qg4+
50.Qxg4 hxg4+ 51.Kxg4 b4 52.h5 b3 53.h6 b2 54.h7 b1=Q 55.h8=Q Qe4+ 56.Kg3 Qxd5
57.Qc8 Qd3+ 58.Kh2 d5 59.Qc5 Qb5 60.Qd6 a5 61.Kh3 Qb4 62.Qh2+ Qb2 63.Qc7 a4
64.Qa5 a3 65.Kh4 Qd4+ 66.Kh5 Qd3 67.Qb6 d4 68.Qb4 Qc3 69.Qb5 d3 70.Qd5+ Kb1
71.Qh1+ Kc2 72.Qg2+ d2 73.Qe4+ Kc1 74.Qf4 a2  0-1